| 000 | 00685nam a22001817a 4500 | ||
|---|---|---|---|
| 999 |
_c14878 _d14878 |
||
| 003 | OSt | ||
| 082 | _2631.3 ATH/DE | ||
| 088 | _aT 396 | ||
| 100 |
_aATHUL CHANDRAN K _93484 |
||
| 245 | _aDevelopment of attachments for four-wheel riding type rice transplanter | ||
| 260 |
_aTavanur 2017 _bKelappaji College of Agricultural Engineering and Technology |
||
| 300 | _a98 | ||
| 500 | _aDevelopment of attachments for four-wheel riding type rice transplanter | ||
| 520 | _aDevelopment of attachments for four-wheel riding type rice transplanter | ||
| 700 |
_aDr. Shaji James P (Guide) _93535 |
||
| 856 | _uhttps://drive.google.com/open?id=1yjWjgxj4UZcixfa3_9xSf0szcKFVocuj | ||
| 942 | _cTH | ||